000 00560nam a2200169Ia 4500
003 0
005 20250212143047.0
008 140724s9999 xx 000 0 und d
050 _aT 1
_b.V712 2008
100 _aVillaceran, Malcolm V.
245 3 _aAn automated hospital billing system for Golden Acres Doctors Hospital /
_cMalcolm V. Villaceran.
260 _aLas PiƱas, Philippines :
_bSouthville International School and Colleges,
_cc2008.
300 _a117 p. :
_bill. ;
_c28 cm.
521 _aInformation Technology
942 _cTH
_2lcc
999 _c228711
_d228711